|
|
|
|
| LEADER |
00000nam0a2200000 4500 |
| 001 |
62187 |
| 005 |
20231031063242.0 |
| 035 |
|
|
|a (RuTPU)RU\TPU\book\65920
|
| 090 |
|
|
|a 62187
|
| 100 |
|
|
|a 20040406d1906 k y0rusy50 ca
|
| 101 |
0 |
|
|a rus
|
| 102 |
|
|
|a RU
|
| 105 |
|
|
|a a z 000zy
|
| 200 |
1 |
|
|a Труды технического комитета главного управления неокладных сборов и казенной продажи питей
|h Т. XVII. 1904 г.
|f Главное Управление неокладных сборов и казенной продажи питей. Технический комитет
|
| 210 |
|
|
|a СПб.
|c Типография В. Киршбаума
|d 1906
|
| 215 |
|
|
|a 276 с.
|c ил.
|
| 610 |
1 |
|
|a винокуренное производство
|
| 610 |
1 |
|
|a винокуренная промышленность
|
| 610 |
1 |
|
|a спирты
|
| 610 |
1 |
|
|a продажа
|
| 610 |
1 |
|
|a доходы
|
| 610 |
1 |
|
|a сборы
|
| 610 |
1 |
|
|a история
|
| 675 |
|
|
|a 663(09)
|v 3
|
| 686 |
|
|
|a Ч611.68
|v LBC/SL-A
|2 rubbk
|
| 712 |
0 |
1 |
|a Российская Империя
|b Главное Управление неокладных сборов и казенной продажи питей
|b Технический комитет
|2 stltpush
|3 (RuTPU)RU\TPU\col\5065
|
| 801 |
|
1 |
|a RU
|b 63413507
|c 20040406
|g PSBO
|
| 801 |
|
2 |
|a RU
|b 63413507
|c 20100831
|g PSBO
|
| 942 |
|
|
|c BK
|